| 000 | 00712nam a22002175i 4500 | ||
|---|---|---|---|
| 001 | 176329 | ||
| 003 | ES-MaACL | ||
| 005 | 20251011063155.0 | ||
| 008 | 110110s1975 sp |||| | spa d | ||
| 020 | _a84-277-0228-0 | ||
| 080 | _a82.09(4) | ||
| 100 | 1 |
_aPrieto, Antonio, _d1930- _9151033 |
|
| 245 | 1 | 0 |
_aEstudios de literatura europea / _cAntonio Prieto. |
| 260 |
_aMadrid : _bNarcea, _cD. L. 1975. |
||
| 300 |
_a238 p. ; _c18 cm. |
||
| 490 | 1 |
_aBitácora. Biblioteca del estudiante ; _v44 |
|
| 650 | 0 | 4 |
_aLiteratura europea- _xHistoria y crítica _914577 |
| 830 | 0 |
_aBitácora. Biblioteca del estudiante ; _v44 _9181903 |
|
| 852 |
_aES-MaACL _jE-13976 _xOlim P-1892 |
||
| 999 |
_c176329 _d176329 |
||